Talking hands; (Record no. 8485)

MARC details
000 -LEADER
fixed length control field 01035cam a2200301 4500
001 - CONTROL NUMBER
control field 8485
003 - CONTROL NUMBER IDENTIFIER
control field FISKH
005 - DATE AND TIME OF LATEST TRANSACTION
control field 20250915143322.0
008 - FIXED-LENGTH DATA ELEMENTS--GENERAL INFORMATION
fixed length control field 680301s1968 nyua j 000 0 eng
010 ## - LIBRARY OF CONGRESS CONTROL NUMBER
LC control number 68010123
040 ## - CATALOGING SOURCE
Original cataloging agency DLC
Transcribing agency DLC
Modifying agency DLC
Language of cataloging eng
050 00 - LIBRARY OF CONGRESS CALL NUMBER
Classification number E98.S5
Item number A7
082 00 - DEWEY DECIMAL CLASSIFICATION NUMBER
Classification number 419
Edition number 21
100 1# - MAIN ENTRY--PERSONAL NAME
Personal name Amon, Aline.
245 10 - TITLE STATEMENT
Title Talking hands;
Remainder of title Indian sign language.
Statement of responsibility, etc. Written and illustrated by Aline Amon.
250 ## - EDITION STATEMENT
Edition statement This edition published in 1972
260 ## - PUBLICATION, DISTRIBUTION, ETC.
Place of publication, distribution, etc. Chicago :
Name of publisher, distributor, etc. Science Research Associate,
Date of publication, distribution, etc. 1968
300 ## - PHYSICAL DESCRIPTION
Extent 28 pages :
Other physical details color illustrations ;
Dimensions 21 cm
505 ## - FORMATTED CONTENTS NOTE
Formatted contents note O<br/>
520 ## - SUMMARY, ETC.
Summary, etc. Teaches sign language that are used on every day not only by Native Americans, but by Americans in today's society.
521 8# - TARGET AUDIENCE NOTE
Target audience note 600<br/>
Source Lexile <br/>
521 8# - TARGET AUDIENCE NOTE
Target audience note O<br/>
Source Raz-Plus<br/>
650 #0 - SUBJECT ADDED ENTRY--TOPICAL TERM
Topical term or geographic name entry element Indian sign language
General subdivision Juvenile literature.
650 #0 - SUBJECT ADDED ENTRY--TOPICAL TERM
Topical term or geographic name entry element Indians of North America
Geographic subdivision Great Plains
General subdivision Juvenile literature.
906 ## - LOCAL DATA ELEMENT F, LDF (RLIN)
a 7
b cbc
c orignew
d u
e ncip
f 19
g y-gencatlg
942 ## - ADDED ENTRY ELEMENTS (KOHA)
Source of classification or shelving scheme Dewey Decimal Classification
Koha item type Books
Suppress in OPAC No
Holdings
Withdrawn status Lost status Source of classification or shelving scheme Damaged status Not for loan Collection Home library Current library Shelving location Date acquired Total Checkouts Full call number Barcode Date last seen Date last checked out Copy number Price effective from Koha item type
    Dewey Decimal Classification     Non-Fiction Footprints International School Library Network Toul Tom Poung Campus Footprints International School Library Network Toul Tom Poung Campus TTP Primary Yellow Bookshelves 09/15/2025 2 AMO 419 E98.S5 A7 FISBK04177 11/10/2025 09/30/2025 1 09/15/2025 Books